00261nam a22001097a 4500020002200000082001200022100002900034245003700063260003000100300000800130650001300138 a978-93-85194-85-6 a266 PAT aPathickal, Rev. Dr. Paul a12 Evangelical Leaders of Kerala aHyderabadbGS Booksc2017 a271 aMissions